000
00249nam a2200109Ia 4500
008
190907s9999||||xx |||||||||||||| ||und||
100
_a
David Luck
245
0
_a
Marketing Strategy
260
_a
USA
_b
McGraw Hill
_c
1999
300
_a
407
942
_c
BK
999
_c
6599
_d
6599